| 000 | 00752nam a2200193Ii 4500 | ||
|---|---|---|---|
| 003 | JO-AjNU | ||
| 008 | 230605s9999||||xx |||||||||||||| ||und|| | ||
| 040 |
_aJO-AjNU _bara _erda _cJO-AjNU |
||
| 041 | _aara | ||
| 050 | 1 | 4 | _aD810 1969 |
| 100 | 3 |
_aد.م, _eauthor _957233 |
|
| 245 | 0 | 0 | _aكواليس الحرب السرية: قصص لم تنشر عن الجاسوسية في الحرب العالمية الثانية |
| 264 | 3 | 1 | _aد.م: مؤسسة الجمهور للطباعة والنشر والعلاقات العامة ، 1969 |
| 300 | _a303ص | ||
| 336 |
_atext _btxt _2rdacontent |
||
| 337 |
_aunmediated _bn _2rdamedia |
||
| 338 |
_avolume _bnc _2rdacarrier |
||
| 650 | 4 |
_aالجاسوسية- الحرب العالمية الثانية _957234 |
|
| 999 |
_aA25634 _c29202 _d29202 |
||